[Event "BL 2016-17"]
[Site "St. Veit/Glan"]
[Date "2017.03.23"]
[Round "5"]
[White "Sebenik, Matej"]
[Black "Lehner, Oliver"]
[Result "1-0"]
[WhiteElo "2545"]
[BlackElo "2386"]
[Annotator "TA"]
[PlyCount "81"]
[EventDate "2017.??.??"]
[EventType "team-tourn"]
[EventCountry "AUT"]
[SourceTitle "playchess.com"]
[Source "ChessBase"]
[SourceQuality "1"]
[WhiteTeam "Feffernitz"]
[BlackTeam "Jenbach"]

{[%evp 24,81,31,27,31,31,64,66,66,68,70,67,66,74,57,50,69,69,110,60,58,46,92,98,99,87,97,88,106,106,135,68,100,95,122,110,120,121,157,157,155,151,190,0,72,70,267,265,264,0,268,277,277,251,270,261,29984,29985,29985,29986]} 1. d4 Nf6 2. c4 g6 3. Nf3 Bg7 4. g3 O-O 5. Bg2 d6 6. Nc3 Nc6 7. O-O e5 8. dxe5 dxe5 9. Bg5 Be6 10. Nd2 h6 {E62: King's Indian: Fianchetto: 6...c6 and Panno Variation (6...Nc6) without ...a6} 11. Bxf6 Bxf6 12. Nde4 Be7 13. Qc1 {LiveBook: 3 Games} Kg7 14. Rd1 Qc8 $146 (14... Nd4 $6 15. e3 $16) (14... Qe8 15. Nd5 Rc8 16. Nxe7 Qxe7 17. Nc3 Bxc4 18. b3 {1-0 (47) Vidit,S (2658)-Onischuk,V (2612) Martuni 2016}) 15. Nd5 Bxd5 16. cxd5 Nd4 17. Qc4 f5 18. Nc3 f4 19. Rac1 fxg3 20. hxg3 Qf5 21. Rf1 (21. Qxc7 $6 Rf7 22. f4 (22. Qxb7 $2 Raf8 23. d6 Qxf2+ 24. Kh1 Bxd6 $19) 22... Bf6 $15) 21... Bd6 22. e3 b5 23. Nxb5 Nxb5 24. Qxb5 h5 25. Qa4 Rab8 26. b3 Rf7 27. Qe4 (27. Qxa7 $16 Rh8 28. Qa4) 27... Qd7 28. Rc4 Rbf8 29. Qh4 Qb5 30. Be4 Qa5 {With the idea ...Rxf2.} 31. Qg5 Rf6 32. Rc2 Qb4 {[#]} 33. Rc4 $2 (33. f3 $1 $18) 33... Qd2 (33... Qa5 $1 $11) 34. g4 $36 {[%mdl 2048] White has the initiative.} R8f7 $2 ({Black should try} 34... Rh8 $1 $14) 35. Rc2 (35. gxh5 Rxf2 36. Qxg6+ Kf8 37. Qh6+ Ke8 $16) 35... Qb4 36. Rc4 Qd2 {[%cal Rf6f2] [#]} 37. f3 $1 ({Weaker is} 37. gxh5 Rxf2 38. Qxg6+ Kf8 39. Qh6+ Ke8 $16) 37... hxg4 {Threatens to win with ...Rf5!} 38. Rc2 {[%cal Bc4c2,Bc2h2,Bh2h8][%mdl 32]} Qb4 {[%cal Rg4f3]} 39. Rh2 {White wants to mate with Qh6+.} ({Don't do} 39. Qxg4 Bc5 40. Kg2 Bxe3 $18) 39... Kf8 $2 (39... Rf8 $18 40. Qh4 Kf7 41. Qxg4 (41. Bxg6+ Ke7 $16) 41... Ke7) 40. Rh8+ Ke7 41. Bxg6 1-0

[Event "BL 2016-17"]
[Site "St. Veit/Glan"]
[Date "2017.03.23"]
[Round "5"]
[White "Zilka, Stepan"]
[Black "Bayer, Bernhard"]
[Result "1-0"]
[WhiteElo "2524"]
[BlackElo "2443"]
[Annotator "TA"]
[PlyCount "71"]
[EventDate "2017.??.??"]
[EventType "team-tourn"]
[EventCountry "AUT"]
[SourceTitle "playchess.com"]
[Source "ChessBase"]
[SourceQuality "1"]
[WhiteTeam "Nickelsdorf"]
[BlackTeam "Absam"]

{[%evp 33,71,21,29,15,14,0,0,0,0,0,55,63,45,63,52,38,54,25,248,236,240,191,159,174,188,183,162,185,186,158,185,192,192,187,217,216,184,191,444,431]} 1. e4 c6 2. d4 d5 3. Nc3 dxe4 4. Nxe4 Bf5 5. Ng3 Bg6 6. h4 h6 7. Nf3 Nd7 8. h5 Bh7 9. Bd3 Bxd3 10. Qxd3 e6 11. Bd2 Ngf6 12. O-O-O Qc7 13. Ne4 O-O-O 14. g3 Nxe4 15. Qxe4 Nf6 16. Qe2 Bd6 17. c4 c5 {LiveBook: 277 Games} 18. dxc5 {B19: Classical Caro-Kann: 4...Bf5 main line} (18. Bc3 cxd4 19. Nxd4 a6 20. Kb1 Rd7 21. Nb3 Qc6 22. Rh4 Rhd8 23. Rc1 Kb8 24. c5 Bc7 25. a3 Rd5 26. Rc4 Rd3 27. Nd4 Qe4 28. Qxe4 Nxe4 {1-0 (51) Piorun,K (2586)-Czarnota,P (2523) Poland 2015}) 18... Qxc5 19. Be3 Qa5 20. Kb1 {The position is equal.} Qf5+ 21. Ka1 Bb8 (21... Bc7 $11) 22. Nd4 $14 Qg4 $146 {Hoping for ...Rxd4!} (22... Qa5) 23. f3 $36 {[%mdl 2048] Black is under pressure.} Qxg3 24. c5 $1 ({Weaker is} 24. Rhg1 Qh2 25. Rg2 (25. Qxh2 Bxh2 26. Rh1 Be5 $17) 25... Qxh5 26. Rxg7 a6 $15) 24... Rd5 25. c6 $1 Qd6 $2 {[#]} (25... Bc7 $1 $11) 26. Rc1 $1 $18 Rxd4 ({Don't take} 26... Rc5 $2 27. Nb5 Rxb5 28. Qxb5 $18) 27. cxb7+ Kxb7 28. Qb5+ Qb6 29. Qxb6+ axb6 30. Bxd4 e5 31. Be3 Rd8 32. Rcg1 Ne8 33. Rd1 Rd6 34. Rxd6 Bxd6 35. Rg1 Bf8 $2 {[#]} (35... b5 36. b3 Ba3) 36. Bxh6 $1 1-0

[Event "BL 2016-17"]
[Site "St. Veit/Glan"]
[Date "2017.03.23"]
[Round "5"]
[White "Schneider, Ilja"]
[Black "Antoniewski, Rafal"]
[Result "1/2-1/2"]
[WhiteElo "2518"]
[BlackElo "2532"]
[Annotator "TA"]
[PlyCount "60"]
[EventDate "2017.??.??"]
[EventType "team-tourn"]
[EventCountry "AUT"]
[SourceTitle "playchess.com"]
[Source "ChessBase"]
[SourceQuality "1"]
[WhiteTeam "Wulkaprodersdorf"]
[BlackTeam "St. Veit"]

{[%evp 25,60,0,0,-15,0,0,0,-23,-28,-30,0,0,0,0,0,0,0,0,0,0,0,0,0,0,0,0,0,0,0,0,0,0,0,0,0,0,0]} 1. e4 c5 2. Nf3 d6 3. Bb5+ Bd7 4. Bxd7+ Nxd7 5. O-O Ngf6 6. Re1 e6 7. c3 Be7 8. d4 cxd4 9. cxd4 d5 10. e5 Ne4 11. Nbd2 Nxd2 12. Bxd2 O-O 13. Rc1 {B52: Sicilian: Moscow Variation with 3...Bd7} Nb6 {[%cal Bd7b6,Bb6c4,Bc4a3,Ba3b5,Bb5a7,Ba7c6][%mdl 32] LiveBook: 5 Games} (13... Qb6 14. Qc2 Nb8 15. Qc7 Bd8 16. Qxb6 Bxb6 17. Bb4 Re8 18. Bc5 Nc6 19. b4 Rec8 20. a4 Bxc5 21. bxc5 {½-½ (70) Kosteniuk,A (2555)-Kozul,Z (2613) Tallinn 2016}) 14. Qb3 Qd7 15. Bb4 Rfc8 16. Qa3 $146 (16. Bc5 Nc4 17. Bxe7 Qxe7 18. Rc3 Rc6 19. Qc2 Rac8 20. h3 Qb4 {½-½ (28) Zhang,J (2361)-Tan,Z (2353) Jiangsu Wuxi 2008}) 16... Bxb4 17. Qxb4 Nc4 18. b3 {The position is equal.} a5 19. Qc3 Na3 20. Qb2 Nb5 21. a4 Na7 22. Rxc8+ Rxc8 23. Rc1 h6 24. h3 Rc6 (24... b5 $5 {seems wilder.} 25. axb5 Nxb5 26. g3 Rc7 27. Kg2 Qc8) 25. Qd2 Qc7 26. Rxc6 $1 Nxc6 27. Qc3 Qb6 28. Qd3 Qb4 29. g3 Qe7 30. Kg2 Qb4 1/2-1/2

[Event "BL 2016-17"]
[Site "St. Veit/Glan"]
[Date "2017.03.23"]
[Round "5"]
[White "Schlosser, Philipp"]
[Black "Diermair, Andreas"]
[Result "1/2-1/2"]
[WhiteElo "2517"]
[BlackElo "2469"]
[Annotator "TA"]
[PlyCount "115"]
[EventDate "2017.??.??"]
[EventType "team-tourn"]
[EventCountry "AUT"]
[SourceTitle "playchess.com"]
[Source "ChessBase"]
[SourceQuality "1"]
[WhiteTeam "Jenbach"]
[BlackTeam "Feffernitz"]

{[%evp 9,115,17,0,0,6,0,0,0,0,0,0,0,0,0,0,0,0,0,0,0,0,-8,0,0,0,-6,0,0,8,4,17,8,32,5,19,19,20,13,31,7,25,24,25,26,30,31,64,49,44,60,31,21,38,7,12,10,11,14,23,18,18,2,19,20,17,15,22,9,17,16,41,3,1,4,8,10,10,9,15,13,13,13,14,6,6,0,21,21,21,21,21,21,21,21,21,14,11,13,14,0,4,0,0,0,0,0,7,0]} 1. c4 e6 2. g3 d5 3. Bg2 Nf6 4. Nf3 dxc4 5. Qa4+ Bd7 6. Qxc4 {A13: English Opening: 1...e6} c5 7. Ne5 Qc8 8. d3 Nc6 9. Nxd7 Qxd7 ({But not} 9... Kxd7 $6 10. Be3 $16) 10. Nd2 Rc8 11. Nf3 Be7 12. O-O O-O 13. Bd2 Rfd8 14. Rfc1 $146 Nd5 {[%cal Bf6d5,Bd5e7,Be7g6,Bg6e5][%mdl 32]} 15. Qb3 b6 16. a3 Bf6 17. e3 Nde7 18. Bf1 Ng6 19. Bc3 Nge5 20. Ne1 Qd6 21. Rd1 Nd7 22. Rac1 h6 23. Bd2 Qe5 24. Rb1 Rb8 25. Bg2 Qd6 26. Qb5 Rdc8 27. b4 a6 28. Qxa6 Ra8 $1 {[%cal Ra8a6]} 29. Qb5 Rxa3 30. bxc5 bxc5 31. Qc4 Nde5 32. Qc1 Ra2 33. Bc3 Qd8 34. Rb5 Nd7 35. Rd2 Rxd2 (35... Ra4 $5 {with more complications.} 36. Bxf6 Qxf6 37. Rdb2 Qd8 38. Rb1 Ra2) 36. Bxd2 Nb4 37. Qb1 Nd5 38. Qb3 Ne5 39. Bf1 Qe8 40. Ra5 Qd7 {The position is equal.} 41. Qa4 Qd8 42. Ra7 Qb6 43. Ra8 Rxa8 44. Qxa8+ Kh7 45. Qa2 g6 46. Bg2 Nb4 47. Qb3 {Threatening d4!} Qd6 {[%cal Rb4d3] [#]} 48. d4 $1 {[%mdl 512] Black must now prevent Bxb4.} Nec6 (48... cxd4 49. Bxb4) 49. Nc2 Be7 {[%cal Rc5d4]} 50. Nxb4 Nxb4 51. Bc3 Nd5 52. dxc5 Qxc5 53. Bd2 Bf6 54. h4 h5 55. Bf3 Kg7 56. Qd3 Be5 57. Kg2 Nf6 58. Qe2 1/2-1/2

[Event "BL 2016-17"]
[Site "St. Veit/Glan"]
[Date "2017.03.23"]
[Round "5"]
[White "Dizdar, Goran"]
[Black "Schwarhofer, Christopher"]
[Result "1-0"]
[WhiteElo "2512"]
[BlackElo "2375"]
[Annotator "TA"]
[PlyCount "77"]
[EventDate "2017.??.??"]
[EventType "team-tourn"]
[EventCountry "AUT"]
[SourceTitle "playchess.com"]
[Source "ChessBase"]
[SourceQuality "1"]
[WhiteTeam "Absam"]
[BlackTeam "Nickelsdorf"]

{[%evp 17,77,27,71,-42,70,17,14,0,0,0,0,-52,91,95,141,133,192,154,182,119,224,31,41,41,32,39,18,0,0,0,0,0,40,21,17,8,75,84,277,277,277,277,268,270,270,292,272,256,370,247,233,0,166,166,240,240,308,248,1334,1308,29992,29993]} 1. d4 d5 2. c4 e6 3. Nf3 f5 4. Nc3 Nf6 5. Bf4 c6 6. e3 Be7 7. Bd3 O-O 8. h3 Ne4 9. g4 {A84: Dutch Defence: 2 c4 Miscellaneous} Qa5 {LiveBook: 7 Games} 10. gxf5 (10. O-O $16) 10... exf5 $146 (10... Nxc3 $15 11. bxc3 Qxc3+ 12. Kf1 dxc4) (10... Nxc3 11. bxc3 Qxc3+ 12. Kf1 dxc4 13. Be2 b5 14. Ne5 Bf6 15. a4 Bxe5 16. Bxe5 Nd7 {0-1 (27) Domogaev,S (2481)-Pakhomov,A (2356) Sochi 2015}) 11. Kf1 ({White should play} 11. O-O $14) 11... Nxc3 $11 12. bxc3 Qxc3 13. Ne5 Nd7 14. Rg1 (14. cxd5 $11 cxd5 15. Rc1) 14... Bf6 (14... Nxe5 $15 {keeps the upper hand.} 15. Bxe5 Bf6) 15. Rc1 $16 Qa3 16. cxd5 {Hoping for Nc4.} (16. Bxf5 Nxe5 17. Bxh7+ (17. Bxc8 $2 Nd3 18. Be6+ Kh8 $19) 17... Kxh7 $17) 16... cxd5 (16... Nb6 $16) 17. Rc7 (17. Bxf5 Nxe5 18. dxe5 Bxf5 $17) (17. Rxc8 $2 Raxc8 18. Nxd7 Rc1 19. Qxc1 Qxc1+ $19) 17... Nxe5 18. dxe5 ({Stronger than} 18. Bxe5 Bxe5 19. dxe5 Rf7 20. Rxf7 Kxf7 $11) 18... Be7 {[#]} 19. Bb5 $2 ({White should try} 19. Bh6 $1 $18 Rf7 20. Be2) 19... Be6 $14 20. Bd7 Qa6+ 21. Qe2 {Strongly threatening Qxa6.} Qb6 $1 {[%cal Rb6c7]} 22. Bh6 $36 {[%mdl 2048] White is pushing.} Rf7 $1 {[#] aiming for ...Bxd7.} 23. Rxb7 $1 {[%mdl 512]} Qxb7 24. Bxe6 {Threatens to win with Rxg7+.} Bf8 25. Qd3 Rb8 {And now ...Qb1+ would win.} 26. Bf4 Qb5 (26... Qb1+ $11 {remains equal.} 27. Qxb1 Rxb1+ 28. Kg2 Rxg1+ 29. Kxg1 Bc5) 27. Ke2 ({Weaker is} 27. Bxf7+ Kxf7 28. Qxb5 Rxb5 $17) 27... g6 $2 (27... Qxd3+ $16 28. Kxd3 Rb6 29. Bxd5 Ba3) 28. Bxf7+ $18 (28. Bxd5 Qxd3+ 29. Kxd3 Rd8 $14) 28... Kxf7 {[#]} 29. e6+ $1 {[%mdl 512]} Kxe6 30. Bxb8 Qxb8 {[%mdl 4096] Endgame KQR-KQB} 31. Rb1 Qc7 32. Rb5 Qc6 (32... Bc5 $142 33. Qc3 Bb6 34. Qxc7 Bxc7) 33. Qb3 Bc5 34. Qd3 $2 (34. Rb7 $18) 34... Bb6 $2 (34... Bf8 $1 $11 {and Black stays safe.}) 35. Rb2 Qa4 {[#]} (35... Kf6 {was worth a try.} 36. Rd2 Ke6) 36. Qb5 $1 {[%cal Rb5a4]} Qh4 37. Qe8+ Kd6 $2 (37... Qe7 38. Qg8+ Kd6) 38. Rc2 {[%csl Ge8][%cal Rc2c6]} Qh5+ 39. f3 1-0

[Event "BL 2016-17"]
[Site "St. Veit/Glan"]
[Date "2017.03.23"]
[Round "5"]
[White "Stohl, Igor"]
[Black "Anistratov, Dmitriy"]
[Result "0-1"]
[WhiteElo "2504"]
[BlackElo "2292"]
[Annotator "TA"]
[PlyCount "103"]
[EventDate "2017.??.??"]
[EventType "team-tourn"]
[EventCountry "AUT"]
[SourceTitle "playchess.com"]
[Source "ChessBase"]
[SourceQuality "1"]
[WhiteTeam "Wien-SK Ottakring"]
[BlackTeam "Götzis"]

{[%evp 16,103,53,41,50,50,55,58,59,53,65,59,60,51,63,65,100,98,125,135,122,42,198,195,200,204,188,188,212,210,207,208,206,167,189,216,203,201,338,336,598,595,529,574,540,543,417,345,323,319,583,252,316,226,221,223,208,213,387,212,638,633,617,611,530,517,671,415,1653,1573,1479,812,784,724,596,625,625,485,1848,1287,2547,2291,2545,647,29974,29975,29969,29970,29995,29996]} 1. c4 Nf6 2. Nc3 d6 3. g3 e5 4. Bg2 c6 5. d4 Be7 6. e4 Nbd7 {[%cal Bb8d7,Bd7e5,Be5c6,Bc6d4][%mdl 32]} 7. Nf3 O-O 8. O-O a6 9. a4 {[%cal Ba2a4,Ba4a5][%mdl 32] LiveBook: 118 Games} Re8 {A55: Old Indian Defence with Nf3 and e4} (9... a5 10. h3 Re8 11. Be3 exd4 12. Nxd4 Nc5 13. Qc2 Qb6 14. Rad1 Bf8 15. Rfe1 g6 16. f4 Nfd7 17. Bf2 Qc7 18. Rd2 Nb6 19. b3 Bd7 20. Nf3 Na6 21. Na2 {½-½ (28) Jussupow,A (2602)-Hickl,J (2560) Switzerland 2016}) 10. a5 exd4 $146 (10... Bf8 11. d5 Nc5 12. Qc2 Bg4 13. Be3 Ncd7 14. Nd2 Bh5 15. f3 Bg6 16. b4 Qc7 17. Rfc1 {½-½ (42) Ravi,T (2277)-Roy Chowdhury,S (2411) Tirupati 2012}) 11. Nxd4 (11. Qxd4 Nc5 12. Ra3 Ng4 $15) 11... Ne5 {White is slightly better.} 12. b3 c5 13. Nf5 Bxf5 14. exf5 Nc6 15. Bb2 Rb8 16. g4 {[%cal Bg3g4,Bg4g5][%mdl 32]} Nd4 17. g5 $36 {[%mdl 2048] White is on the roll.} Nd7 18. f6 (18. f4 $1 $16) 18... Bf8 $2 (18... gxf6 $14 19. Nd5 fxg5) 19. Nd5 $18 gxf6 20. Bxd4 cxd4 {[#]} 21. Bh3 $1 {[%cal Rh3d7] Black must now prevent Bxd7.} (21. Qxd4 fxg5 22. Rad1 Bg7 $11) (21. gxf6 $6 Nxf6 22. Qxd4 Nxd5 23. Bxd5 (23. Qxd5 Re5 24. Qd2 Bg7 $14) 23... Bg7 $14) 21... Bg7 22. Bxd7 $1 Qxd7 23. gxf6 Bh6 24. Kh1 Qh3 25. Rg1+ (25. Qxd4 $2 Qf3+ 26. Kg1 Re4 27. Qxe4 Qxe4 $19) 25... Kh8 26. Rg3 Qf5 (26... Qh4 $142 27. Qf3 Qe4) 27. Qxd4 Re4 $2 (27... Qe5 28. Rd1 Ra8) 28. Qd3 Qe5 29. Rag1 Re1 30. Rxe1 Qxe1+ 31. Kg2 Qe5 32. Qf3 Rg8 $2 (32... Bg5 33. b4 h6) 33. Rxg8+ Kxg8 34. Qg3+ Qxg3+ 35. hxg3 {[%mdl 4096] Endgame KB-KN} ({Resist} 35. Kxg3 Bc1 36. f4 Kf8) 35... Bd2 36. b4 Kf8 $2 (36... h5 {might work better.} 37. Kf3 Kh7) 37. Kf3 (37. g4 $142 Ke8 38. Kh3) 37... Ke8 $2 (37... h5 38. Ke2 Bc1) 38. Ke2 Bc1 39. g4 {[%cal Bg3g4,Bg4g5][%mdl 32]} Kd7 40. f4 Ke6 41. Kd3 Bb2 (41... h6 $142 42. Kc3 Kd7) 42. Ke4 Bc1 43. Kf3 Bd2 44. g5 Kf5 45. Ne7+ Ke6 46. f5+ {[%cal Bf4f5,Bf5g6,Bg6g7][%mdl 32]} Kd7 {[#]} (46... Ke5 $142 47. Kg4 h6) 47. Kg4 $1 ({Inferior is} 47. g6 hxg6 48. fxg6 fxg6 $11) 47... Bxb4 48. Nd5 ({Not} 48. g6 hxg6 49. fxg6 fxg6 $11) 48... Bd2 49. Kh5 Ke8 50. g6 {White mates.} hxg6+ 51. fxg6 Kf8 52. g7+ {[%mdl 32768] Loss on time?} 0-1

[Event "BL 2016-17"]
[Site "St. Veit/Glan"]
[Date "2017.03.23"]
[Round "5"]
[White "Schreiner, Peter"]
[Black "Shengelia, David"]
[Result "1-0"]
[WhiteElo "2473"]
[BlackElo "2572"]
[Annotator "TA"]
[PlyCount "91"]
[EventDate "2017.??.??"]
[EventType "team-tourn"]
[EventCountry "AUT"]
[SourceTitle "playchess.com"]
[Source "ChessBase"]
[SourceQuality "1"]
[WhiteTeam "Feffernitz"]
[BlackTeam "Jenbach"]

{[%evp 8,91,58,55,54,48,41,15,24,30,25,27,54,44,72,69,62,75,57,60,69,56,74,71,81,72,75,73,94,89,77,47,47,46,59,30,65,50,197,189,340,233,237,229,308,308,338,325,364,376,364,337,366,376,399,397,410,433,440,428,533,530,579,470,633,633,849,816,817,690,772,738,1559,1506,1518,1478,1785,1454,3844,5922,6436,6328,29986,29987,29992,29993]} 1. d4 {[%cal Bd2d4,Bd4d5][%mdl 32]} Nf6 2. c4 b6 3. Nc3 Bb7 4. Qc2 d6 {A50: Queen's Fianchetto Defence (1 d4 Nf6 2 c4 b6)} 5. e4 {LiveBook: 6 Games} e5 6. d5 Be7 {White is slightly better.} 7. g3 $146 (7. Nf3 O-O 8. Be2 c6 9. O-O Nbd7 10. Be3 Rc8 11. Nd2 Nc5 12. Rfd1 {1-0 (57) Anand,V (2785)-Harikrishna,P (2726) Dubai 2014}) 7... c6 8. Bg2 a6 9. a4 b5 10. axb5 axb5 11. Rxa8 Bxa8 12. cxb5 cxd5 13. exd5 (13. Nxd5 Bxd5 14. exd5 Qa5+ 15. Bd2 Qxb5 $11) 13... Qa5 14. Bd2 O-O 15. Nge2 Nbd7 16. O-O Bb7 17. Nc1 Rc8 18. Qb3 Nc5 19. Qa2 Qb4 20. Qb1 Qc4 21. b3 Qd4 22. Rd1 $1 e4 ({Not} 22... Nxd5 $2 23. Bxd5 Bxd5 24. N1e2 $18 (24. Nxd5 Qxd5 25. Na2 Qf3 $17)) (22... Qb4 $14) 23. N1e2 $36 {[%mdl 2048] White is really pushing.} Qd3 $2 (23... Qb4 24. Nxe4 Qxb3) 24. Qxd3 exd3 25. Nd4 Ncd7 26. Nc6 Bf8 27. Be3 Ne5 28. Bd4 Ra8 29. Na4 ({Don't play} 29. Nxe5 dxe5 30. Bxe5 Nd7 $18) 29... Re8 30. h3 h5 31. f4 Ned7 32. Rxd3 Re1+ 33. Kf2 Rb1 34. Bf3 h4 35. gxh4 Ne8 36. Na5 Bc8 37. Rc3 Nc5 38. b6 Ba6 39. Nxc5 Rb2+ 40. Kg3 dxc5 41. Re3 cxd4 42. Rxe8 g5 43. hxg5 Kg7 44. Ra8 Be2 {[#]} 45. Rxf8 $1 {[%mdl 512]} d3 {[#]} (45... Kxf8 46. b7) 46. b7 $1 {[%mdl 512]} 1-0

[Event "BL 2016-17"]
[Site "St. Veit/Glan"]
[Date "2017.03.23"]
[Round "5"]
[White "Krassowizkij, Jaroslaw"]
[Black "Banusz, Tamas"]
[Result "1/2-1/2"]
[WhiteElo "2454"]
[BlackElo "2597"]
[Annotator "TA"]
[PlyCount "105"]
[EventDate "2017.??.??"]
[EventType "team-tourn"]
[EventCountry "AUT"]
[SourceTitle "playchess.com"]
[Source "ChessBase"]
[SourceQuality "1"]
[WhiteTeam "Götzis"]
[BlackTeam "Wien-SK Ottakring"]

{[%evp 15,105,25,29,0,0,-30,-43,-126,-107,-122,-98,-102,-53,-49,-7,-7,-7,-7,-8,-8,-6,-3,0,0,0,-33,-34,-27,-24,-22,0,0,0,0,0,-34,-35,-57,-29,-29,-29,-27,-26,-35,-35,-54,-54,-64,-64,-64,-64,-57,-54,-54,-54,-68,-56,-70,-71,-61,-39,-29,-26,-38,-12,-20,-8,-8,-8,-12,-12,-12,-12,-12,-12,-12,-12,-12,-12,-12,-12,-12,0,0,0,-19,-12,-19,-19,-19,-8,-8]} 1. d4 Nf6 2. c4 e6 3. Nc3 Bb4 4. Qc2 b6 5. e4 c5 6. d5 {E32: Nimzo-Indian: Classical (4 Qc2): 4...0-0} Qe7 7. Be2 (7. Nge2 exd5 8. exd5 d6 9. Bd2 O-O 10. O-O-O Ng4 11. Re1 Nxf2 12. Rg1 Nd7 13. Nd4 Qxe1+ 14. Bxe1 cxd4 {0-1 (42) Bocharov,D (2611)-Tomashevsky,E (2724) Novosibirsk 2016}) 7... exd5 8. exd5 O-O {LiveBook: 5 Games} 9. Be3 d6 $146 (9... Qe4 10. O-O-O Bxc3 11. Qxc3 d6 12. Bd3 Qe5 13. Qc2 Bg4 {1-0 (39) Mohr,S (2530)-Fauland,A (2450) San Bernardino 1989}) 10. h3 {[#]} b5 $1 {[%mdl 512]} 11. O-O-O (11. Nf3 $15) (11. cxb5 Nxd5) 11... bxc4 12. Bxc4 Bxc3 13. Qxc3 Nbd7 14. Nf3 Nb6 15. Bg5 Nxc4 16. Qxc4 Qe4 17. Qxe4 Nxe4 18. Bh4 Re8 19. Rhe1 Bb7 20. Nd2 Nxd2 21. Rxe8+ Rxe8 22. Rxd2 $15 {[%mdl 4096] Endgame KRB-KRB} Re1+ 23. Kc2 $1 Kf8 24. f3 Rg1 25. a3 Ba6 26. Kc3 Ke8 27. b4 cxb4+ 28. axb4 Bb5 29. Bg3 Kd7 30. Bh2 Rc1+ 31. Rc2 Rxc2+ 32. Kxc2 {KB-KB} Bf1 33. g3 Bc4 34. f4 Bxd5 35. b5 Bg2 36. h4 Ke6 37. Bg1 Kf5 38. Bxa7 Kg4 39. Bf2 Kf3 40. Be1 {The position is equal.} Ke2 41. Bb4 Kf2 42. Bxd6 Kxg3 43. h5 $1 Kg4 44. Bf8 Kxh5 45. Bxg7 Kg6 46. Bf8 h5 47. Kd2 Kf5 48. Ke3 Kg4 49. f5 Kxf5 50. Bd6 Kg4 51. b6 Bb7 52. Bc7 f5 53. Bd6 1/2-1/2

[Event "BL 2016-17"]
[Site "St. Veit/Glan"]
[Date "2017.03.23"]
[Round "5"]
[White "Froewis, Georg"]
[Black "Dobosz, Henryk"]
[Result "1/2-1/2"]
[WhiteElo "2441"]
[BlackElo "2385"]
[Annotator "TA"]
[PlyCount "85"]
[EventDate "2017.??.??"]
[EventType "team-tourn"]
[EventCountry "AUT"]
[SourceTitle "playchess.com"]
[Source "ChessBase"]
[SourceQuality "1"]
[WhiteTeam "Hohenems"]
[BlackTeam "Bregenz"]

{[%evp 16,85,28,12,13,4,3,-62,-43,-49,-8,-56,-35,-21,67,45,80,69,61,87,97,11,14,11,11,-8,66,47,69,0,0,-118,-109,-107,-7,-9,-21,-18,0,0,0,0,0,0,0,0,0,0,0,0,0,0,0,0,0,0,0,0,0,0,0,0,0,0,0,0,0,0,0,0,0,0]} 1. Nf3 d6 2. d4 g6 3. e4 Bg7 4. c4 e5 5. Be2 exd4 6. Nxd4 Nc6 7. Be3 Nge7 8. Nc3 O-O 9. h4 f5 {[%cal Bf7f5,Bf5e4][%mdl 32] A42: Modern Defence: Averbakh Variation} 10. Nxc6 (10. h5 f4 11. Nxc6 Nxc6 12. hxg6 hxg6 13. Qd5+ Rf7 14. Bxf4 Nd4 15. Bd3 Ne6 16. Bg3 Qf6 17. e5 dxe5 {0-1 (36) Popov,V (2528)-Stupak,K (2535) Jurmala 2016}) 10... bxc6 11. Qd2 (11. Bd4 $11) 11... fxe4 $1 $15 {Black is slightly better.} 12. g4 $146 (12. h5 Nf5 13. hxg6 hxg6 14. Nxe4 Qe7 15. Bf3 Rb8 16. Nc3 Nxe3 17. fxe3 Rxb2 18. Qxb2 Qxe3+ {0-1 (28) Schieder,A (2325)-Fahrner,K (2285) Austria 1996}) 12... Rb8 13. h5 Be6 14. O-O-O Rf7 ({Black should play} 14... Qc8 $11) 15. Bd4 Qf8 16. Nxe4 Bxd4 17. Qxd4 c5 18. Qc3 (18. Qd2 $16) 18... Rf4 $11 19. hxg6 Nxg6 20. Ng5 $132 {[%mdl 2048] White is not keeping still (2)} Qf6 (20... Bxg4 $11 21. Nxh7 Qf7 22. Bxg4 Rxc4 23. Nf6+ Kf8 24. Nd7+ Kg8 25. Nf6+ (25. Nxb8 Rxc3+ 26. bxc3 Qf4+ 27. Kb2 Qxg4 $17) 25... Kf8 26. Nd7+ Kg8 27. Nf6+ (27. Nxb8 Rxc3+ 28. bxc3 Qf4+ 29. Kb2 Qxg4 $17)) 21. Qxf6 $14 (21. Rxh7 Rd4 22. Nxe6 Qxe6 23. Rxc7 (23. Rh6 Qxe2 24. Rxg6+ Kh7 $17) 23... Qxe2 24. Rxd4 cxd4 25. Qxd4 Qe5 26. Qxe5 Nxe5 $11) 21... Rxf6 22. Rxh7 (22. Rde1 $14) 22... Rxf2 $11 23. Rd2 (23. Bd3 $11 {remains equal.} Ne5 24. Be4) 23... Nf4 $17 24. Bd1 {[#]} Rxd2 (24... Bxc4 25. b3 Nd3+ 26. Kc2 Nb4+ 27. Kc3 Nxa2+ 28. Rxa2 Rxa2 29. Kxc4 $11) (24... Rxb2 $1 $17 {[%mdl 512]} 25. Kxb2 Rxd2+ 26. Kc1 Rxa2 27. Rxc7 Bxc4) 25. Kxd2 $11 {The position is equal.} Rxb2+ 26. Kc3 Rb1 27. Bc2 Rg1 28. Rxc7 Rg3+ 29. Kb2 Bxc4 30. Ne4 ({But not} 30. Rxa7 Bd3 31. Bxd3 Nxd3+ 32. Kc2 Nb4+ 33. Kb2 Nd3+ 34. Kc2 Nb4+ 35. Kb2 Rxg4 $15) 30... Rg2 {[#] And now ...Bd3 would win.} 31. Nxd6 Bxa2 32. Rc8+ Kg7 33. Nf5+ Kf6 {Threatens to win with ...Be6.} 34. Rf8+ Bf7 {...Ne6 is the strong threat.} 35. Nh6 ({Don't play} 35. Nd6 Nd5 36. Rxf7+ (36. Nxf7 Nb4 37. Kb3 Rxc2 38. Nd8+ Ke7 $17) 36... Ke6 37. Rxa7 Kxd6 $17) 35... Nd3+ 36. Kc3 Ne5 37. Nxf7 Rg3+ 38. Kb2 {Strongly threatening Nxe5+.} Nc4+ 39. Ka2 Ra3+ 40. Kb1 {aiming for Nd6+.} Ke7 41. Rc8 {Black must now prevent Rc7+.} Kxf7 42. Rxc5 Ne3 43. Rc7+ 1/2-1/2